Labor relations in Japan today
Đã lưu trong:
| 主要作者: | |
|---|---|
| 格式: | 图书 |
| 语言: | Undetermined |
| 出版: |
Tokyo
Kodansha International, Ltd.
1979
|
| 主题: | |
| 标签: |
添加标签
没有标签, 成为第一个标记此记录!
|
| Thư viện lưu trữ: | Trung tâm Học liệu Trường Đại học Cần Thơ |
|---|
| LEADER | 00477nam a2200181Ia 4500 | ||
|---|---|---|---|
| 001 | CTU_85789 | ||
| 008 | 210402s9999 xx 000 0 und d | ||
| 082 | |a 331 | ||
| 082 | |b H233 | ||
| 100 | |a Hanami, Tadashi | ||
| 245 | 0 | |a Labor relations in Japan today | |
| 245 | 0 | |c Tadashi Hanami | |
| 260 | |a Tokyo | ||
| 260 | |b Kodansha International, Ltd. | ||
| 260 | |c 1979 | ||
| 650 | |a Labor relations | ||
| 904 | |i Năm | ||
| 980 | |a Trung tâm Học liệu Trường Đại học Cần Thơ | ||